अध्यात्मिक राष्ट्रवाद / (Record no. 200296)

MARC details
000 -LEADER
fixed length control field 00766nam a22001937a 4500
005 - DATE AND TIME OF LATEST TRANSACTION
control field 20240206105236.0
010 ## - LCCN (DPL NO)
LC control number HIN-126812
020 ## - INTERNATIONAL STANDARD BOOK NUMBER
International Standard Book Number 9789389412246
Terms of availability 450.00
035 ## - SYSTEM CONTROL NUMBER
System control number HN-99158
037 ## - SOURCE OF ACQUISITION
Source of stock number/acquisition DBAD/PUB
082 ## - DEWEY DECIMAL CLASSIFICATION NUMBER
Classification number 181.41
100 ## - MAIN ENTRY--PERSONAL NAME
Personal name राजपुरोहित, कन्हैय्यालाल
245 ## - TITLE STATEMENT
Title अध्यात्मिक राष्ट्रवाद /
260 ## - PUBLICATION, DISTRIBUTION, ETC. (IMPRINT)
Place of publication, distribution, etc दिल्ली
Name of publisher, distributor, etc केटरपिलर पब्लिशर्स
Date of publication, distribution, etc 2022
270 ## - ADDRESS
Address 1376, द्वितीये फ्लोर , कश्मीरी गेट
City दिल्ली
270 ## - ADDRESS
Postal code 110006
300 ## - PHYSICAL DESCRIPTION
Extent 496 पृष्ठ
Dimensions 22 (सजिल्द)
942 ## - ADDED ENTRY ELEMENTS (KOHA)
Item type Hindi Books
Classification part 181.41
Source of classification or shelving scheme Dewey Decimal Classification
Call number suffix रजपू
Holdings
Withdrawn status Lost status Not for loan Collection code Home library Current library Date acquired Source of acquisition Cost, normal purchase price Full call number Barcode Copy number Cost, replacement price Koha item type
    Not For Loan Non-fiction Sarojini Nagar Sarojini Nagar 19/01/2024 DBAD/PUB 450.00 181.41 रजपू HN-99158 1 450.00 Hindi Books

© Delhi Public Library
Hit Counter
free hit counter